000 00920cam a2200265 a 4500
001 14902365
005 20180301031317.0
008 070625s2008 njua b 001 0 eng
010 _a 2007026540
020 _a9780131861350 (pbk.)
020 _a0131861352 (pbk.)
035 _a(OCoLC)ocn147987695
040 _aDLC
_cDLC
_dBTCTA
_dBAKER
_dYDXCP
_dC#P
_dBWX
_dNLGGC
_dCDX
_dDLC
041 _aeng
080 _a658.4022 lei
082 0 0 _a658.4022 lei
_222
084 _a85.05
_2bcl
100 1 _a54
101 _aman
245 1 0 _aMaking the team :
_cLeigh L. Thompson.
504 _aIncludes bibliographical references (p. 404-454) and indexes.
906 _a7
_bcbc
_corignew
_d1
_eecip
_f20
_gy-gencatlg
942 _2ddc
_cBK
999 _c43738
_d43738